000 00731nam a2200229 a 4500
001 BRCA_1233
005 20190320203335.0
008 090408c1984----sp-a---###---#000-0#spa-#
020 _a8485800893
050 4 _aNK9509
_b.C43 1984
100 1 _aChanan, Gabriel
_94051
245 1 0 _aJuegos y juguetes de los niños del mundo
_cGabriel Chanan y Hazel Francis ; traducción Ferran Sabaté.
260 _aBarcelona
_bSerbal
_c1984
300 _a128 p.
_bil. a color
_c26 cm.
500 _aTraducción de : Toys and Games of Children of the World.
504 _aBibliografía: 126-128
650 1 4 _aJuegos
_94052
650 1 4 _aJuguetes
_94053
700 1 _aFrancis, Hazel
_94054
700 1 _aSabaté, Ferran
_94055
942 _2lcc
_cB
999 _c1103
_d1103